000
00309nam a22001337a 4500
020
_a
9780593057711
082
_a
813.54 BRO
100
_a
Brown, Dan
_9
9885
245
_a
The da vinci code
260
_a
LONDON
_b
BANTAM
_c
2004
300
_a
467P
650
_a
SPECIAL ILLUSTRATED EDITION
_9
69243
942
_c
BK
999
_c
576617
_d
576617